Distribution par images - Le Gendarme se marie - Statistiques

Statistiques générales
  • Ce quiz a été pris 36 fois
  • Le résultat moyen est 6 sur 9
Statistiques - réponses
Par images Hint Réponse % Correct
Ludovic Cruchot Louis de Funès
100%
Jérôme Gerbert Michel Galabru
88%
Josépha Le François Claude Gensac
82%
Lucien Fougasse Jean Lefebvre
82%
Jules Berlicot Michel Modo
74%
Gaston Tricart Guy Grosso
71%
Albert Merlot Christian Marin
56%
Sœur Clothilde France Rumilly
41%
Frédo Mario David
32%
Aucun quiz correspondant
Distribution des résultats
% des personnes avec chaque résultat
Percentile par nombre de réponses
Votre historique - résultats
Vous n’avez pas pris ce quiz